Mapeo de lectura : (Registro nro. 352)
[ vista simple ]
| 000 -LEADER | |
|---|---|
| fixed length control field | 01282nam a22001937a 4500 |
| 003 - CONTROL NUMBER IDENTIFIER | |
| control field | OSt |
| 005 - DATE AND TIME OF LATEST TRANSACTION | |
| control field | 20241213110726.0 |
| 008 - FIXED-LENGTH DATA ELEMENTS--GENERAL INFORMATION | |
| fixed length control field | 241002s2022 ag ||||| |||| 00| 0 spa d |
| 020 ## - INTERNATIONAL STANDARD BOOK NUMBER | |
| International Standard Book Number | 9789878871912 |
| 040 ## - CATALOGING SOURCE | |
| Transcribing agency | besoc |
| 100 1# - MAIN ENTRY--PERSONAL NAME | |
| Personal name | Campero, María Belén |
| Relator term | Autor |
| 245 10 - TITLE STATEMENT | |
| Title | Mapeo de lectura : |
| Remainder of title | de lo íntimo a lo colectivo / |
| Statement of responsibility, etc. | María Belén Campero ; Pau Turina |
| 260 ## - PUBLICATION, DISTRIBUTION, ETC. | |
| Place of publication, distribution, etc. | Rosario : |
| Name of publisher, distributor, etc. | ((MdaE)), |
| Date of publication, distribution, etc. | 2022 |
| 300 ## - PHYSICAL DESCRIPTION | |
| Extent | 176 p. |
| 520 ## - SUMMARY, ETC. | |
| Summary, etc. | Mapeo no intenta ser una guía de lectura. Creemos en la libertad de la lectura, en que cada persona elige su propio camino, es una aventura. Entonces no hay un mapa establecido, no hay un camino correcto por el cual caminar. La idea es que puedas hacer el tuyo. Creemos en la literatura que habilita la conversación, con otrxs y con unx. Que da lugar al diálogo y a la reflexión. Creemos en la literatura como un encuentro, con ideas, con momentos, con sensaciones, con estados de ánimo. Y creemos en la literatura como acto de compartir. Por eso, Mapeo, te propone crear una conversación de lo íntimo a lo colectivo que se multiplique sin límites hasta donde quiera llegar. [Nota del editor] |
| 650 #4 - SUBJECT ADDED ENTRY--TOPICAL TERM | |
| Topical term or geographic name entry element | Literatura Argentina |
| General subdivision | Lectura |
| Chronological subdivision | Siglo XXI |
| Form subdivision | Guías |
| General subdivision | Colección juvenil |
| 700 1# - ADDED ENTRY--PERSONAL NAME | |
| Personal name | Turina, Pau, |
| Relator term | autor |
| 942 ## - ADDED ENTRY ELEMENTS (KOHA) | |
| Source of classification or shelving scheme | Universal Decimal Classification |
| Koha item type | Obra General |
| Suppress in OPAC | No |
| Withdrawn status | Lost status | Source of classification or shelving scheme | Damaged status | Not for loan | Collection | Home library | Current library | Date acquired | Total checkouts | Full call number | Barcode | Date last seen | Date last checked out | Copy number | Price effective from | Koha item type | Source of acquisition | Total renewals | Date due |
|---|---|---|---|---|---|---|---|---|---|---|---|---|---|---|---|---|---|---|---|
| Universal Decimal Classification | Colección General | Biblioteca Escuela de Ciencias Sociales | Biblioteca Escuela de Ciencias Sociales | 02/10/2024 | 1 | 82(036) C195 | 001120 | 17/12/2024 | 13/12/2024 | Ej. 1 | 02/10/2024 | Obra General | |||||||
| Universal Decimal Classification | Colección General | Biblioteca Escuela de Ciencias Sociales | Biblioteca Escuela de Ciencias Sociales | 08/09/2025 | 82(036) C195 | 001211 | 08/09/2025 | Ej. 2 | 08/09/2025 | Obra General | Donación Ma. Belén Campero 2025 | ||||||||
| Universal Decimal Classification | Colección General | Biblioteca Escuela de Ciencias Sociales | Biblioteca Escuela de Ciencias Sociales | 08/09/2025 | 1 | 82(036) C195 | 001283 | 17/12/2025 | 17/12/2025 | Ej. 3 | 08/09/2025 | Obra General | Donación Ma. Belén Campero 2025 | 2 | 15/05/2026 |